Normal view MARC view
  • Locate in Kent

Entry Corporate Name

Number of records used in: 1

001 - CONTROL NUMBER

  • control field: 4891

003 - CONTROL NUMBER IDENTIFIER

  • control field: SIRSI

005 - DATE AND TIME OF LATEST TRANSACTION

  • control field: 20190806150238.0

008 - FIXED-LENGTH DATA ELEMENTS

  • fixed length control field: 060228n| aaannaabn |n ana d

040 ## - CATALOGING SOURCE

  • Original cataloging agency: OSt
  • Transcribing agency: OSt

110 2# - HEADING--CORPORATE NAME

  • Corporate name or jurisdiction name as entry element: Locate in Kent

670 ## - SOURCE DATA FOUND

  • Source citation: Kent Property Market 2005, 2005